Antonii Mvsae Brasavoli ... Index refertissimvs in omnes Galeni libros (...) (Registro nro. 76343)
[ vista simple ]
| 000 -ENCABEZADO | |
|---|---|
| Número de control [NR] | 01569nam a2200289 a 4500 |
| 005 - FECHA Y HORA DE LA ÚLTIMA TRANSACCIÓN | |
| control field | 20140903174311.0 |
| 008 - DE LONGITUD FIJA DE DATOS DE ELEMENTOS - INFORMACIÓN GENERAL | |
| Elementos de longitud fija [NR] | 130821s xx fr 1 lat |
| 040 ## - FUENTE DE CATALOGACION [NR] | |
| Agencia de catalogación original [NR] | Co-BoUCM |
| Idioma de catalogación [NR] | spa |
| Quien Cataloga | Sandra Yazo (modificó) |
| Quien Clasifica | Sandra Yazo |
| 041 0# - CODIGO DE IDIOMA [R] | |
| Código de idioma para texto/pista de sonido o título separado [R] | Latín |
| 092 ## - SIGNATURA TOPOGRAFICA LOCAL | |
| Número de clasificación local | E14N091 |
| 100 1# - ASIENTO PRINCIPAL--NOMBRE PERSONAL [NR] | |
| Nombre personal [NR] | Brassavola, Antonio Musa |
| Títulos u otras palabras asociadas al nombre [R] | Médico |
| Fechas asociadas con el nombre [NR] | (1500- 1555). |
| ID Autoridad | 60032 |
| 242 ## - TRADUCCION DEL TITULO POR LA AGENCIA CATALOGADORA [R] | |
| Título [NR] | Índice condensadísimo de todos los libros de Galeno |
| 245 10 - MENCION DE TITULO [NR] | |
| Título [NR] | Antonii Mvsae Brasavoli ... Index refertissimvs in omnes Galeni libros (...) |
| 260 ## - PUBLICACION, DISTRIBUCION, ETC. (PIE DE IMPRENTA) [R] | |
| Lugar de publicación, distribución, etc. [R] | [Lugar desconocido] |
| Nombre del editor, distribuidor, etc. [R] | [Editorial desconocida] |
| Fecha de publicación, distribución, etc. [R] | [fecha desconocida] |
| 300 ## - DESCRIPCION FISICA [R] | |
| Extensión [R] | [2], 9-525 folios |
| 500 ## - NOTA GENERAL [R] | |
| Nota general [NR] | Detalles físicos: Ejemplar sin encuadernación original, falta portada y últimas páginas. |
| 506 ## - NOTA DE RESTRICCIONES DE ACCESO [R] | |
| Condiciones de acceso [NR] | Consulta en sala. |
| 520 ## - NOTA DE RESUMEN, ETC. [R] | |
| Nota de sumario, etc. [NR] | A "agudo" (=acutus), hasta la U "orina" (=urina), donde a cada concepto corresponden los lugares de las obras de Galeno donde se trata de ese tema. |
| 546 ## - NOTA DE IDIOMA [R] | |
| Nota de idioma [NR] | Texto en latín y algunas expresiones en griego |
| 600 1# - ASIENTO SECUNDARIO DE MATERIA - NOMBRE PERSONAL [R] | |
| Nombre personal [NR] | Galeno |
| Subdivisión de forma [R] | Comentarios |
| 9 (RLIN) | 60033 |
| 650 #7 - ASIENTO SECUNDARIO DE MATERIA - TERMINO TEMATICO [R] | |
| Término temático o nombre geográfico como elemento de entrada [NR] | Medicina antigua |
| Subdivisión de forma [R] | Índices |
| Subdivisión general [R] | Obras anteriores a 1600 |
| 9 (RLIN) | 19130 |
| 650 #7 - ASIENTO SECUNDARIO DE MATERIA - TERMINO TEMATICO [R] | |
| Término temático o nombre geográfico como elemento de entrada [NR] | Medicina griega y romana |
| Subdivisión de forma [R] | Índices |
| Subdivisión general [R] | Obras anteriores a 1600 |
| 9 (RLIN) | 19161 |
| 690 ## - ASUNTO AGREGADO LOCAL DE ENTRADA - TÉRMINO TEMÁTICO (OCLC, RLIN) | |
| 9 (RLIN) | 42847 |
| Acceso temático local | Historia de la medicina |
| 856 4# - LOCALIZACION Y ACCESO ELECTRONICOS [R] | |
| Nota dirigida al público [R] | Disponible en línea edición de 1609 |
| Identificador Uniforme del Recurso (“URI”) [R] | <a href="http://books.google.com/books?id=7tRCAAAAcAAJ&pg=PR6&dq=Index+refertissimvs+in+omnes+Galeni+libros&hl=es&ei=AbapTvGFKInYgQeTw9QS&sa=X&oi=book_result&ct=result&resnum=3&ved=0CEAQ6AEwAg#v=onepage&q=Index%20refe">http://books.google.com/books?id=7tRCAAAAcAAJ&pg=PR6&dq=Index+refertissimvs+in+omnes+Galeni+libros&hl=es&ei=AbapTvGFKInYgQeTw9QS&sa=X&oi=book_result&ct=result&resnum=3&ved=0CEAQ6AEwAg#v=onepage&q=Index%20refe</a> |
| 942 ## - ELEMENTOS DE ENTRADA AGREGADOS (KOHA) | |
| Tipo de ítem principal el descrito en 300a | Libro |
| Tema principal | Medicina |
| Edición | 1 |
| Sistema de clasificación | DEWEY |
| Clasificación | 610 |
| Total préstamos | Signatura topográfica | Código de barras | Última vez visto | Ejemplar | Price effective from | Tipo de ítem | Perdido | Sistema de clasificación | Dañado | No prestable | Tipo de ítem específico | Suprimido | Ubicación habitual | Ubicación actual | Localización | Fecha de creación | Forma de adquisición | Costo |
|---|---|---|---|---|---|---|---|---|---|---|---|---|---|---|---|---|---|---|
| E14N091 | L002271 | 15/12/2012 | Ej.1 | 03/02/2013 | Libro | LOCAL | Libro archivo | Archivo Histórico | Archivo histórico | 28/02/2013 | Donación | 0.00 |